Devinez le nom de ces acteurs/actrices par images - Statistiques

Statistiques générales
  • Ce quiz a été pris 166 fois
  • Le résultat moyen est 23 sur 37
Statistiques - réponses
Par images Réponse % Correct
Leonardo DiCaprio
99%
Donald Trump
95%
Omar Sy
95%
Brad Pitt
92%
Louis de Funès
91%
Margot Robbie
87%
Morgan Freeman
86%
Tom Hanks
85%
Marion Cotillard
83%
Bruce Willis
78%
Emma Stone
78%
Matt Damon
78%
Ryan Gosling
78%
Jean Reno
77%
Sylvester Stallone
77%
Samuel L. Jackson
74%
Cillian Murphy
72%
Jim Carrey
71%
Natalie Portman
70%
Hugh Jackman
67%
Monica Bellucci
65%
Michael B. Jordan
64%
Christian Bale
60%
John Travolta
60%
Arnold Schwarzenegger
54%
Heath Ledger
53%
Jacques Villeret
47%
Edward Norton
44%
Matthew McConaughey
39%
Maggie Smith
36%
Jesse Eisenberg
31%
Michael Caine
30%
Mads Mikkelsen
27%
Jeff Goldblum
22%
Judi Dench
17%
Andy Samberg
13%
Jennifer Connelly
9%
Aucun quiz correspondant
Distribution des résultats
% des personnes avec chaque résultat
Percentile par nombre de réponses
Votre historique - résultats
Vous n’avez pas pris ce quiz